Remaja dan pengurusan diri

Bibliographic Details
Main Author: Robiah Kulop Hamzah
Format: Book
Published: Kuala Lumpur : DBP , 1993
Series:Siri remaja unggul
Subjects:

MARC

LEADER 00000cam a2200000 7i4500
001 0000003276
002 000003534
005 20000330.0
020 |a 9836239944 
090 0 0 |a 646.70083   |b ROB 
100 0 |a Robiah Kulop Hamzah 
245 1 0 |a Remaja dan pengurusan diri   |c Robiah Kulop Hamzah 
260 |a Kuala Lumpur :   |b DBP ,   |c 1993 
300 |a 140p. ;   |c 21cm. 
490 0 |a Siri remaja unggul 
650 0 0 |a Etiquette for children and teenagers 
999 |a 036843   |b BUKU   |c PINJAMAN   |e PERPUSTAKAAN KOMUNITI PETALING JAYA